000 00965nam a2200289 a 4500
001 19956
003 BD-RjUL
005 20211209000513.0
008 140226t19761963enkg 000 0 eng
020 _a0436257025 :
020 _a0436257025
035 _a(BD-RjUL)20017
040 _aLC
_beng
_cLC
_dLC
_dBD-RjUL
041 1 _aengspa
082 0 4 _a862.62
_bGAC 1976
100 1 _aGarcia Lorca, Federico,
_d1898-1936.
_955627
245 1 0 _aCollected plays of Federico Garcia Lorca /
_ctranslated by James Graham-Lujan and Richard L. O'Connell ; prologue by Francisco Garcia Lorca.
260 _aLondon :
_bSecker and Warburg,
_cc1963 [1976].
300 _a[6], 467 p. :
_bmusic ;
_c23 cm.
600 1 0 _aGarcia Lorca, Federico,
_d1898-1936
_xTranslations into English.
_961342
700 1 _aGraham-Lujan, James.
_955630
700 1 _aO'Connell, Richard L.
_961336
942 _2ddc
_cBK
999 _c19956
_d19956